| 000 | 01312 a2200289 4500 | ||
|---|---|---|---|
| 999 |
_c8478 _d8478 |
||
| 020 | _a9780230250284 | ||
| 020 | _a0230250289 | ||
| 020 | _a9780230250291 | ||
| 020 | _a0230250297 | ||
| 050 | 0 | 0 | _aPN1995 CAR 2011 |
| 100 |
_aCarel, Havi _eeditor |
||
| 245 | 0 | 0 |
_aNew takes in film-philosophy / _cedited by Havi Carel and Greg Tuck. |
| 264 |
_aNew York : _bPalgrave Macmillan, _c2011. |
||
| 300 | _axii, 259 p. ; | ||
| 500 | _aIncludes index | ||
| 504 | _aIncludes filmographies. | ||
| 504 | _aIncludes bibliographical references | ||
| 650 | 0 |
_aMotion pictures _xPhilosophy. |
|
| 700 | 1 |
_aCarel, Havi. _eeditor |
|
| 700 | 1 |
_aTuck, Greg. _eeditor |
|
| 856 |
_uhttp://bvbr.bib-bvb.de:8991/F?func=service&doc_library=BVB01&doc_number=021201446&line_number=0001&func_code=DB_RECORDS&service_type=MEDIA _3Inhaltsverzeichnis |
||
| 856 | 4 | 2 |
_3Contributor biographical information _uhttp://www.loc.gov/catdir/enhancements/fy1112/2011280301-b.html |
| 856 | 4 | 2 |
_3Publisher description _uhttp://www.loc.gov/catdir/enhancements/fy1112/2011280301-d.html |
| 856 | 4 | 1 |
_3Table of contents only _uhttp://www.loc.gov/catdir/enhancements/fy1112/2011280301-t.html |
| 942 |
_2lcc _cBK _h1995 _iCAR _kPN |
||